Viet et voyages de Christophe Colomb : (Registro nro. 33090)
[ vista simple ]
| 000 -CABECERA | |
|---|---|
| campo de control de longitud fija | 00514nam a2200145 a 4500 |
| 001 - NÚMERO DE CONTROL | |
| campo de control | 000033599 |
| 005 - FECHA Y HORA DE LA ÚLTIMA TRANSACCIÓN | |
| campo de control | 20200930070357.0 |
| 008 - DATOS DE LONGITUD FIJA--INFORMACIÓN GENERAL | |
| campo de control de longitud fija | 110901s1862 fr a 000 0 fre d |
| 040 ## - FUENTE DE LA CATALOGACIÓN | |
| Centro catalogador/agencia de origen | DO-SdBNP |
| Lengua de catalogación | spa |
| Centro/agencia transcriptor | BNPHU |
| 082 ## - NÚMERO DE LA CLASIFICACIÓN DECIMAL DEWEY | |
| Número de clasificación | xxx |
| Número de documento/Ítem | R811v |
| 100 1# - ENTRADA PRINCIPAL--NOMBRE DE PERSONA | |
| Nombre de persona | Roselly de Lorgues |
| Títulos y otros términos asociados al nombre | Comte |
| Fechas asociadas al nombre | 1805-1898 |
| 9 (RLIN) | 59086 |
| 245 10 - MENCIÓN DE TÍTULO | |
| Título | Viet et voyages de Christophe Colomb : |
| Resto del título | D'après des documents authentiques, Tirès d'espagne et D'italie / |
| Mención de responsabilidad, etc. | Roselly de Lorgues. |
| 260 ## - PUBLICACIÓN, DISTRIBUCIÓN, ETC. | |
| Lugar de publicación, distribución, etc. | Paris : |
| Nombre del editor, distribuidor, etc. | Morizot, |
| Fecha de publicación, distribución, etc. | 1862. |
| 300 ## - DESCRIPCIÓN FÍSICA | |
| Extensión | iii, 518 p. : |
| Otras características físicas | il. ; |
| Dimensiones | 25 cm. |
| Estado de retiro | Estado de pérdida | Restricciones de uso | No para préstamo | Código de colección | Localización permanente | Ubicación/localización actual | Ubicación en estantería | Fecha de adquisición | Número de inventario | Total de préstamos | Signatura topográfica completa | Código de barras | Fecha visto por última vez | Precio válido a partir de | Tipo de ítem Koha |
|---|---|---|---|---|---|---|---|---|---|---|---|---|---|---|---|
| Monografías: Libros y Folletos | Patrimonio Dominicano | Patrimonio Dominicano | Orden iniciada | 01.09.2011 | LF1 | xxx R811v | 33599-10 | 25.06.2020 | 25.06.2020 | No se presta |
